Ave, Cristo! / (Registro n. 8238)
[ somente texto ]
| 000 -LÍDER | |
|---|---|
| campo de controle de tamanho fixo | 01495nam a2200253 a 4500 |
| 001 - NÚMERO DE CONTROLE | |
| campo de controle | BS0003176 |
| 003 - IDENTIFICADOR DO NÚMERO DE CONTROLE | |
| campo de controle | BR-BrBNA |
| 005 - DATA E HORÁRIO DA ÚLTIMA TRANSAÇÃO | |
| campo de controle | 20230418192235.0 |
| 008 - CAMPO DE DADOS FIXOS--INFORMAÇÃO GERAL | |
| campo de controle de tamanho fixo | 230308b |||||||| |||| 00| 0 por d |
| 040 ## - FONTE DA CATALOGAÇÃO | |
| Instituição da catalogação original | BR-BrBNA |
| Idioma da catalogação | por |
| Instituição que transcreveu o registro | Biblioteca Nacional de Agricultura |
| 041 ## - CÓDIGO DE IDIOMA | |
| Código do idioma do texto/trilha sonora ou título diferente | por |
| 072 ## - CÓDIGO DE CATEGORIA DE ASSUNTO | |
| Código de Categoria de Assunto | B59 |
| 090 ## - NÚMERO DE CHAMADA LOCAL | |
| Número de chamada | B59 BS0003176 |
| 100 1# - ENTRADA PRINCIPAL--NOME PESSOAL | |
| Nome pessoal | Emmanuel (Espírito). |
| 245 1# - TÍTULO | |
| Título | Ave, Cristo! / |
| 250 1# - EDIÇÃO | |
| Edição | s.ed. |
| 260 3# - PUBLICAÇÃO, DISTRIBUIÇÃO, ETC. | |
| Local de publicação, distribuição, etc. | Rio de Janeiro, RJ: |
| Nome do editor, distribuidor, etc. | Federação Espirita Brasileira, |
| Data da publicação, distribuição, etc. | 2002. |
| 300 ## - DESCRIÇÃO FÍSICA | |
| Extensão | 384 p. |
| 500 ## - NOTA GERAL | |
| Nota geral | Psicografado por Francico Cândido Xavier..<br/> |
| 520 3# - NOTA DE RESUMO, ETC | |
| Resumo, etc. | Ave Cristo! Os que vão viver para sempre te glorificam e saúdam!' Este sublime estandarte, que centenas de almas radiantes no mundo espiritual, mártires do Cristianismo encontravam após os seus sacrifícios nos circos romanos. Conduzindo o leitor ao terceiro século do Cristianismo, esta obra, ditada a Francisco Candido Xavier pelo espírito de Emmanuel, traz aos cristãos de hoje o valoroso exemplo da simplicidade, confiança e amor com que os pioneiros da Boa Nova se entregaram ao serviço do Divino Mestre. Tendo por sustentá-los os recursos de uma poderosa e inquebrantável fé. A narrada a história de duas almas, Quinto Varro e Ticiano ligados por várias reencarnações, onde podemos sentir quanto pode realizar o verdadeiro amor, em suas manifestações de solidariedade a bem das criaturas humanas. |
| 650 ## - ASSUNTO--TERMO TÓPICO | |
| Cabeçalho tópico ou nome geográfico | ESPIRITISMO |
| 909 ## - | |
| -- | 202304 |
| -- | Sergio Santos |
| -- | 56 |
| -- | Sergio Santos |
| 942 ## - ELEMENTOS DE ENTRADA ADICIONADOS (KOHA) | |
| Tipo de material Koha | Livros |
| Situação do descarte | Fonte da classificação ou esquema de arquivamento na estante | Situação física | Não pode ser emprestado | Coleção | Biblioteca de origem | Biblioteca atual | Total de empréstimos | Número de telefone completo | Código de barras | Data de último acesso | Número do exemplar | Tipo de material Koha | Situação das perdas | Data de aquisição | Fonte de aquisição | Qualificador de local codificado |
|---|---|---|---|---|---|---|---|---|---|---|---|---|---|---|---|---|
| Classificação AGRIS | Acervo Cultural | Biblioteca Nacional de Agricultura - Binagri | Biblioteca Nacional de Agricultura - Binagri | B59 BS0003176 | B59 BS0003176 | 12/04/2023 | 01 | Livros | 2023-04-04 | Doação | B59 |

BINAGRI